|
|
|
|
| LEADER |
01282naa a2200253 a 4500 |
| 003 |
AR-BeUNQ |
| 005 |
20250217100910.0 |
| 007 |
cr bn |||auuau |
| 008 |
230828s2006 sp o a010 0 spa d |
| 999 |
|
|
|c 37777
|d 121577
|
| 040 |
|
|
|a AR-BeUNQ
|b spa
|c AR-BeUNQ
|d aacr
|
| 100 |
1 |
|
|9 4388
|a Llamas Saíz, Carmen
|
| 245 |
1 |
0 |
|a Discurso oral y discurso escrito
|h [recurso electrónico] :
|b una propuesta para enseñar sus peculiaridades lingüísticas en el aula de ELE /
|c Carmen Llamas Saíz.
|
| 256 |
|
|
|a Datos electrónicos (1 archivo pdf)
|
| 300 |
|
|
|a recurso electrónico
|
| 504 |
|
|
|a Bibliografía: p. 411.
|
| 594 |
|
|
|a Ballón, Rocío
|a Castro, María José
|a Basile, Cristina
|a Poggi, Marina
|a Grinberg, Patricio
|b CICLO INTRODUCTORIO ESCUELA DE ARTES
|c LECTURA Y ESCRITURA ACADÉMICA
|d 2022
|
| 650 |
|
7 |
|a Escritura
|2 spines
|
| 650 |
|
7 |
|a Discurso escrito
|2 ttll
|
| 650 |
|
7 |
|a Cultura
|2 spines
|
| 710 |
2 |
|
|a Asociación para la Enseñanza del Español como Lengua Extranjera.
|b Congreso Internacional
|n (16o. :
|d 2005 :
|c Oviedo)
|
| 773 |
0 |
|
|t La competencia pragmática y la enseñanza del español como lengua extranjera
|d Oviedo : Universidad de Oviedo, 2006
|g p. 402-411
|z 8483175576
|z 9788483175576
|
| 856 |
4 |
0 |
|u https://dialnet.unirioja.es/servlet/articulo?codigo=2154313
|
| 942 |
|
|
|c ANA
|n 0
|